The success of competitive-communism in Japan

Αποθηκεύτηκε σε:
Λεπτομέρειες βιβλιογραφικής εγγραφής
Κύριος συγγραφέας: Kenrick, Douglas M.
Μορφή: Βιβλίο
Γλώσσα:English
Δημοσίευση: Hamshire : Macmillan Press, c1988
Θέματα:
Ετικέτες: Προσθήκη ετικέτας
Δεν υπάρχουν, Καταχωρήστε ετικέτα πρώτοι!

MARC

LEADER 00000nam a2200000 i 4500
001 1/102951
008 000301s1988 eng d
020 |a 0-333-45725-0 
035 |l 10058283 
040 |a GR-MY-UA  |b gre  |e aacr 
041 0 |a eng 
082 0 |a 952.048 
100 1 |a Kenrick, Douglas M. 
245 1 4 |a The success of competitive-communism in Japan /  |c Douglas Moore Kenrick 
260 |a Hamshire :   |b Macmillan Press,   |c c1988 
300 |a xi, 201 p. 
504 |a Includes bibliographical references and index 
651 0 |a Japan  |x Social conditions  |y 1945- 
852 |a INST  |b LESVOS  |e 20000301  |h 952.048 KEN  |p 005100020623  |q 005100020623  |t BK  |y 0 
901 |a BIBL1-2000-1 
909 |a Λ  |b 073023 
922 |a 1ΕΛΗ  |b 199912  |c ΚΠΣ/ΤΚ  |d ΠΑΠΑΣΩΤΗΡΙΟΥ 
950 |a 103-1998-07-27 
970 |a ΤΖΑΦΕΡΗ  |b ΕΥΑΓΓΕΛΙΑ  |z 2000/03/23